000 02142nam a2200265Ia 4500
003 OSt
005 20250429160818.0
008 191128s2005 ck er 000 fdspa d
020 _a95860116301
040 _aCO-JMCR
_cCO-JMCR
041 0 _aspa
082 0 4 _aA-N
_bSALd
100 1 _aSalom Becerra, Alvaro,
_eautor
_91214
245 1 0 _aDon Simeón Torrente ha dejado de… deber /
_cÁlvaro Salom Becerra
250 _aVigesima sexta edición
260 _aBogotá :
_bTercer Mundo Editores,
_c2005
300 _a215 páginas ;
_c21 cm
500 _aIncluye datos biográficos del autor en solapa posterior.
505 0 _aDonde se prueba que entre Simón y Simeón hay más de una letra de diferencia -- Donde se narra cómo a un niño se le condena sin oírlo -- Donde se refuta la creencia de que la infancia es la edad más feliz con el recuento de lo que fue la de Simeón -- Donde se demuestra que los púberes pobres son tan desdichados como los impúberes -- Donde se refiere como mientras Dios libró al Coronel del yugo vital, el diablo aconsejó a Simeón que se echara sobre si el del matrimonio -- Donde se comprueba que toda situación, por mala que sea, es susceptible de empeorar -- Donde se cuenta dónde nació, vivió y murió la amistad entre Simeón y San Judas Tadeo, con todos sus accidentes y alternativas -- Donde se llega a la conclusión de que no hay mal que dure cien años...pero sí sesenta y se revela cómo contrató Simeón su propio entierro y acabó solucionando ingeniosamente ese problema
520 _aEste libro, que ha alcanzado ya la vigésima quinta edición, después de dieciocho años de venta continua, es-por una parte- un delicioso cuadro de costumbres, que muestra al lector cómo fue Bogotá en los primeros sesenta años del siglo y es,- por la otra-, la vida profundamente humana, llena de ternura y humor de un personaje típico de la clase media económica, que nació, vivió y murió acosado por las deudas.
650 1 4 _aNovela colombiana
_91215
650 1 4 _aVida cotidiana en la literatura
_9593
650 1 4 _aDeudor y acreedor en la literatura
_91216
942 _2ddc
_cBK
999 _c3561
_d3561